Friends of friends - Statistics

General Stats
  • This quiz has been taken 228 times
  • The average score is 12 of 14
Answer Stats
Hint Answer % Correct
Rosses son Ben
99%
OH MY GOD Janice
99%
Rosses 1st wife Carol
98%
Chick and .... Duck
98%
Rosses 2nd wife Emily
98%
Ross and Rachels daughter Emma
98%
Joeys agent Estelle
96%
Monicas eye doctor boyfriend Richard
96%
Rosses 1st wives wife Susan
96%
Joeys girlfriend that Chandler kissed Kathy
87%
Blonde barrister Gunther
86%
Rachels friend that Ross is jealous of Mark
78%
Phoebes bald friend Bonnie
73%
Phoebes navy friend Ryan
36%
No matching quizzes found
Score Distribution
Percent of People with Each Score
Percentile by Number Answered
Your Score History
You have not taken this quiz